Statistiques concernant Les candidats de droite à l'élection présidentielle (depuis 1965)

Cliquez ici pour prendre le quiz!

Statistiques générales

  • Ce quiz a été pris 162 fois
  • Le résultat moyen est 9 sur 10

Statistiques - réponses

AnnéeParti ou mouvement politiqueScore (1er tour)Candidat% Correct
1981Rassemblement pour la République18,00%Jacques Chirac
100%
1988Rassemblement pour la République19,96%Jacques Chirac
100%
1995Rassemblement pour la République20,84%Jacques Chirac
100%
2002Rassemblement pour la République19,88%Jacques Chirac
100%
2007Union pour un mouvement populaire31,18%Nicolas Sarkozy
97%
2012Union pour un mouvement populaire27,18%Nicolas Sarkozy
97%
2017Les Républicains??François Fillon
95%
1965Union pour la nouvelle République44,65%Charles de Gaulle
94%
1969Union des démocrates pour la République44,47%Georges Pompidou
93%
1974Union des démocrates pour la République15,11%Jacques Chaban-Delmas
51%

Distribution des résultats

Percentile par nombre de réponses

% des personnes avec chaque résultat

Votre développement - résultats

Vous n’avez pas pris ce quiz